[Event "GER Seniors Derby 13th"]
[Site "Wesel Undeloh"]
[Date "2014.05.08"]
[Round "3"]
[White "Werk, Manfred"]
[Black "Grigat, Klaus Dieter"]
[Result "1/2-1/2"]
[WhiteElo "1927"]
[BlackElo "1832"]
[PlyCount "153"]
[EventDate "2014.05.07"]
[EventType "swiss"]
[EventRounds "9"]
[EventCountry "GER"]
[SourceTitle "EXT 2018"]
[Source "ChessBase"]
[SourceDate "2017.10.13"]
[SourceVersion "1"]
[SourceVersionDate "2017.10.13"]
[SourceQuality "1"]

1. e4 g6 2. Nc3 Bg7 3. g3 d6 4. Bg2 c5 5. d3 Nc6 6. Be3 Nf6 7. h3 Bd7 8. Nge2 a6 9. Qd2 e5 10. f4 Nd4 11. 0-0 0-0 12. Rac1 Qa5 13. fxe5 dxe5 14. Bg5 Nh5 15. g4 Nxe2+ 16. Nxe2 Qxd2 17. Bxd2 Nf4 18. Nxf4 exf4 19. Bc3 g5 20. Bxg7 Kxg7 21. c3 Bb5 22. Rfd1 Rfe8 23. d4 cxd4 24. cxd4 Be2 25. Rd2 f3 26. Bf1 Rxe4 27. Rc7 Rae8 28. Rxb7 f2+ 29. Kg2 Bxf1+ 30. Kxf1 Rf4 31. Rxf2 Ree4 32. d5 Rxf2+ 33. Kxf2 Rd4 34. Rb6 Rxd5 35. Ke3 Ra5 36. a3 Ra4 37. Kd3 Rf4 38. Ke3 Ra4 39. Kd3 Rf4 40. Ke3 Ra4 41. Rd6 f6 42. Rd4 Ra5 43. Kd3 Kg6 44. Rd6 Ra4 45. Ke3 Ra5 46. Rd3 h5 47. b4 Re5+ 48. Kf3 hxg4+ 49. hxg4 a5 50. Rc3 axb4 51. axb4 Rb5 52. Rc4 Rb6 53. Ke4 Rb5 54. Kd4 Rb8 55. Kc3 Kf7 56. Rc6 Rb5 57. Rc5 Rb6 58. b5 Ke6 59. Kd4 Kd6 60. Rf5 Kc7 61. Ke4 Re6+ 62. Kd4 Rb6 63. Rc5+ Kd7 64. Ke4 Ke7 65. Kf5 Kd7 66. Ke4 Ke7 67. Kf5 Kd7 68. Rd5+ Ke7 69. Kg6 Ke6 70. Rc5 Kd7 71. Kf7 Kd8 72. Rd5+ Kc7 73. Ke7 Kc8 74. Rc5+ Kb8 75. Kd7 Rb7+ 76. Kc6 Rc7+ 77. Kd6 1/2-1/2

[Event "GER Seniors Derby 13th"]
[Site "Wesel Undeloh"]
[Date "2014.05.07"]
[Round "1"]
[White "Werk, Manfred"]
[Black "Bertram, Thomas"]
[Result "1-0"]
[WhiteElo "1927"]
[BlackElo "1603"]
[PlyCount "71"]
[EventDate "2014.05.07"]
[EventType "swiss"]
[EventRounds "9"]
[EventCountry "GER"]
[SourceTitle "EXT 2018"]
[Source "ChessBase"]
[SourceDate "2017.10.13"]
[SourceVersion "1"]
[SourceVersionDate "2017.10.13"]
[SourceQuality "1"]

1. e4 e5 2. Bc4 Nf6 3. d3 Be7 4. Nf3 d6 5. 0-0 0-0 6. Nc3 Nc6 7. a3 Bg4 8. Ne2 Qd7 9. c3 h5 10. Ng5 d5 11. exd5 Nxd5 12. h3 Be6 13. Ng3 Bxg5 14. Bxg5 f6 15. Bc1 h4 16. Ne4 Bf7 17. Bxd5 Bxd5 18. Qh5 Bf7 19. Qxh4 Qxd3 20. Qg4 Bh5 21. Nxf6+ Rxf6 22. Qxh5 Raf8 23. Be3 Qc2 24. Rab1 a6 25. Qd1 Qh7 26. Qb3+ Kh8 27. Qxb7 g5 28. Bxg5 Rg6 29. h4 Rb8 30. Qxa6 Nd4 31. Qd3 Ne6 32. Qe4 Nxg5 33. Qxe5+ Kg8 34. hxg5 Rf8 35. Rbd1 Qh5 36. Rd5 1-0

[Event "Baden-ch"]
[Site "Emmendingen"]
[Date "2012.06.10"]
[Round "9"]
[White "Werk, Manfred"]
[Black "Maier, Marius"]
[Result "0-1"]
[WhiteElo "2073"]
[BlackElo "1839"]
[PlyCount "62"]
[EventDate "2012.06.04"]
[EventType "swiss"]
[EventRounds "9"]
[EventCountry "GER"]
[SourceTitle "CBM 148 Extra"]
[Source "ChessBase"]
[SourceDate "2012.06.22"]
[SourceVersion "1"]
[SourceVersionDate "2012.06.22"]
[SourceQuality "1"]

1. e4 e6 2. d4 d5 3. Nc3 Bb4 4. a3 Bxc3+ 5. bxc3 b6 6. Bd3 Ne7 7. f4 Bb7 8. e5 Ba6 9. Nf3 Bxd3 10. cxd3 Nbc6 11. 0-0 Qd7 12. a4 h6 13. Ba3 Nf5 14. Re1 0-0-0 15. a5 Nxa5 16. Bb4 Nc6 17. Ra6 Nxb4 18. cxb4 Kb7 19. Qa1 Ra8 20. Qa3 Rhb8 21. Ra1 Kc8 22. b5 Ne7 23. Qb4 c6 24. bxc6 Nxc6 25. Qf8+ Kb7 26. Qxg7 Nb4 27. R6a4 a5 28. Qxh6 Rh8 29. Qf6 Rhc8 30. f5 Nxd3 31. Ng5 Qxa4 0-1

[Event "Baden-ch"]
[Site "Emmendingen"]
[Date "2012.06.08"]
[Round "5"]
[White "Werk, Manfred"]
[Black "Schneider, Michael"]
[Result "0-1"]
[WhiteElo "2073"]
[BlackElo "2138"]
[PlyCount "78"]
[EventDate "2012.06.04"]
[EventType "swiss"]
[EventRounds "9"]
[EventCountry "GER"]
[SourceTitle "CBM 148 Extra"]
[Source "ChessBase"]
[SourceDate "2012.06.22"]
[SourceVersion "1"]
[SourceVersionDate "2012.06.22"]
[SourceQuality "1"]

1. e4 c5 2. Nc3 Nc6 3. d3 g6 4. g3 Bg7 5. Bg2 e6 6. Be3 d6 7. Qd2 Nd4 8. Nf3 Ne7 9. 0-0 0-0 10. Nd1 Rb8 11. Nh4 b5 12. c3 Ndc6 13. f4 b4 14. f5 bxc3 15. bxc3 f6 16. g4 Ne5 17. Bh3 exf5 18. exf5 Ba6 19. c4 g5 20. Nf3 Nxf3+ 21. Rxf3 Nc6 22. Bf1 Ne5 23. Rg3 Re8 24. Rc1 Bb7 25. Bg2 Qd7 26. d4 cxd4 27. Bxd4 Bxg2 28. Qxg2 Kh8 29. Ra3 Rb7 30. Ra6 Nd3 31. Ne3 Nxc1 32. Qc2 Ne2+ 33. Qxe2 Rb1+ 34. Kf2 Qb7 35. Rxa7 Qh1 36. Kg3 Re1 37. Qf3 Qg1+ 38. Ng2 Qxd4 39. Ra3 Qe5+ 0-1

[Event "Baden-ch"]
[Site "Emmendingen"]
[Date "2012.06.06"]
[Round "3"]
[White "Gorse, Gerard"]
[Black "Werk, Manfred"]
[Result "1-0"]
[WhiteElo "2104"]
[BlackElo "2073"]
[PlyCount "63"]
[EventDate "2012.06.04"]
[EventType "swiss"]
[EventRounds "9"]
[EventCountry "GER"]
[SourceTitle "CBM 148 Extra"]
[Source "ChessBase"]
[SourceDate "2012.06.22"]
[SourceVersion "1"]
[SourceVersionDate "2012.06.22"]
[SourceQuality "1"]

1. c4 Nf6 2. g3 g6 3. Bg2 Bg7 4. Nc3 c6 5. e4 e5 6. Nge2 0-0 7. 0-0 d6 8. d3 Be6 9. h3 c5 10. a3 Nc6 11. Nd5 Bxd5 12. cxd5 Ne7 13. Be3 b5 14. Qd2 Nd7 15. b4 a5 16. Rab1 axb4 17. axb4 Rb8 18. Nc3 f5 19. f4 fxe4 20. dxe4 c4 21. Ra1 exf4 22. gxf4 Nb6 23. Bd4 Nec8 24. Bxg7 Kxg7 25. e5 Qe8 26. Qd4 Kg8 27. Ne4 dxe5 28. fxe5 Rxf1+ 29. Rxf1 Qe7 30. d6 Qa7 31. Nc5 Nd7 32. Bd5+ 1-0

[Event "Verbandsliga Nord Baden 1112"]
[Site "Germany"]
[Date "2011.11.06"]
[Round "2.7"]
[White "Werk, Manfred"]
[Black "Mueller, Erich2222"]
[Result "1-0"]
[WhiteElo "2073"]
[BlackElo "2131"]
[PlyCount "83"]
[EventDate "2011.10.09"]
[EventType "team-tourn"]
[EventRounds "9"]
[EventCountry "GER"]
[SourceTitle "EXT 2013"]
[Source "ChessBase"]
[SourceDate "2012.11.22"]
[SourceVersion "1"]
[SourceVersionDate "2012.11.22"]
[SourceQuality "1"]
[WhiteTeam "Hockenheim II"]
[BlackTeam "Ladenburg"]
[WhiteTeamCountry "GER"]
[BlackTeamCountry "GER"]

1. e4 c5 2. Nc3 Nc6 3. g3 g6 4. Bg2 Bg7 5. d3 d6 6. Be3 Nf6 7. h3 0-0 8. Nge2 e5 9. 0-0 Nd4 10. f4 Bd7 11. Qd2 Rb8 12. Nd1 Nh5 13. Bxd4 cxd4 14. f5 Bf6 15. h4 Ng7 16. Qh6 Bc6 17. Bh3 d5 18. Nf2 dxe4 19. Nxe4 Bxe4 20. dxe4 Qb6 21. Rf2 Qxb2 22. Raf1 Qb6 23. g4 Qd8 24. Ng3 Ne8 25. fxg6 hxg6 26. Nh5 Bg7 27. Nxg7 Nxg7 28. Rf6 d3 29. h5 Qd4+ 30. Kh2 Qxe4 31. hxg6 fxg6 32. Rxg6 Qxg6 33. Qxg6 d2 34. Rd1 Rf2+ 35. Kg1 Rbf8 36. Qd3 R2f3 37. Qd5+ Kh7 38. Bg2 R3f4 39. Qxe5 Rxg4 40. Rxd2 Rf5 41. Qe7 b5 42. Rf2 1-0

[Event "Baden-ch MT"]
[Site "Oberwinden"]
[Date "2007.04.07"]
[Round "3"]
[White "Werk, Manfred"]
[Black "Thier, Juergen"]
[Result "1/2-1/2"]
[WhiteElo "2076"]
[BlackElo "1986"]
[PlyCount "32"]
[EventDate "2007.04.06"]
[EventType "swiss"]
[EventRounds "11"]
[EventCountry "GER"]
[SourceTitle "CBM 117 Extra"]
[Source "ChessBase"]
[SourceDate "2007.05.09"]
[SourceVersion "1"]
[SourceVersionDate "2007.05.09"]
[SourceQuality "1"]

1. e4 c5 2. Nc3 Nc6 3. g3 Rb8 4. Bg2 b5 5. d3 g6 6. Be3 d6 7. Qd2 b4 8. Nd1 Bg7 9. f4 Qc7 10. Nf3 Nf6 11. h3 Nd7 12. 0-0 Ba6 13. Re1 0-0 14. c3 e6 15. g4 bxc3 16. bxc3 Rb6 1/2-1/2

[Event "Baden-ch MA"]
[Site "Ottenau"]
[Date "2005.03.28"]
[Round "5"]
[White "Kohl, Hartmut"]
[Black "Werk, Manfred"]
[Result "1/2-1/2"]
[WhiteElo "2151"]
[BlackElo "2059"]
[PlyCount "34"]
[EventDate "2005.03.25"]
[EventType "swiss"]
[EventRounds "11"]
[EventCountry "GER"]
[SourceTitle "CBM 105 Extra"]
[Source "ChessBase"]
[SourceDate "2005.05.01"]
[SourceVersion "1"]
[SourceVersionDate "2005.05.01"]
[SourceQuality "1"]

1. d4 d6 2. e4 Nf6 3. Nc3 g6 4. g3 Bg7 5. Bg2 0-0 6. Nge2 c6 7. a4 a5 8. 0-0 e5 9. b3 Na6 10. Ba3 Nb4 11. Qd2 Re8 12. Rad1 Qb6 13. h3 Nd7 14. d5 Bf8 15. Kh2 Nc5 16. g4 Qd8 17. Ng3 Qh4 1/2-1/2

[Event "Baden-ch MA"]
[Site "Ottenau"]
[Date "2005.03.26"]
[Round "2"]
[White "Werk, Manfred"]
[Black "Roes, Helge"]
[Result "1/2-1/2"]
[WhiteElo "2059"]
[BlackElo "2139"]
[PlyCount "138"]
[EventDate "2005.03.25"]
[EventType "swiss"]
[EventRounds "11"]
[EventCountry "GER"]
[SourceTitle "CBM 105 Extra"]
[Source "ChessBase"]
[SourceDate "2005.05.01"]
[SourceVersion "1"]
[SourceVersionDate "2005.05.01"]
[SourceQuality "1"]

1. e4 c6 2. d4 d5 3. exd5 cxd5 4. Bd3 Nc6 5. c3 Nf6 6. h3 g6 7. Nf3 Bf5 8. 0-0 Bg7 9. Re1 0-0 10. Bf4 Bxd3 11. Qxd3 Re8 12. Nbd2 a6 13. a4 Rc8 14. b4 Nd7 15. Nb3 e5 16. dxe5 Ncxe5 17. Nxe5 Nxe5 18. Bxe5 Bxe5 19. Rac1 Bxc3 20. Rxe8+ Qxe8 21. b5 axb5 22. axb5 Qe6 23. Rd1 Bf6 24. Qxd5 Rd8 25. Qf3 Rxd1+ 26. Qxd1 Qc4 27. b6 Qc6 28. Qg4 Qxb6 29. Qc8+ Kg7 30. Nc5 Qc6 31. Qxc6 bxc6 32. Kf1 Kf8 33. Ke2 Ke7 34. Kd3 Kd6 35. Kc4 Be7 36. f4 f5 37. Nd3 Bf6 38. Nc5 Bd8 39. Nb7+ Kc7 40. Nc5 Be7 41. Ne6+ Kd7 42. Nd4 Bd6 43. Ne2 Kc7 44. Kd4 Kd7 45. Kc4 Bb8 46. Kd4 Kd6 47. Kc4 Ba7 48. Nc3 h6 49. Ne2 Bf2 50. Nc3 g5 51. Ne2 Be3 52. g3 Bf2 53. Kd3 Kc5 54. g4 fxg4 55. hxg4 Kb4 56. f5 c5 57. f6 c4+ 58. Kc2 Bc5 59. f7 Be7 60. Nd4 Kc5 61. f8Q Bxf8 62. Ne6+ Kd6 63. Nxf8 Ke7 64. Ng6+ Kf6 65. Nf8 Ke5 66. Ng6+ Ke4 67. Kc3 Kf3 68. Ne5+ Kf4 69. Nf7 Kxg4 1/2-1/2